|
|
|
|
| LEADER |
01449nam a2200313 a 4500 |
| 001 |
1773 |
| 003 |
BD-DhAAL |
| 005 |
20150319110659.0 |
| 008 |
150319s1995 nyua b 001 0 eng |
| 010 |
|
|
|a 94033904
|
| 020 |
|
|
|a 0070055572 (alk. paper)
|
| 040 |
|
|
|a DLC
|c DLC
|d DLC
|d BD-DhAAL
|
| 050 |
0 |
0 |
|a HE308
|b .B53 1995
|
| 082 |
0 |
0 |
|a 388.4/068
|2 20
|
| 100 |
1 |
|
|a Black, Alan,
|d 1931-
|9 9893
|
| 245 |
1 |
0 |
|a Urban mass transportation planning /
|c Alan Black.
|
| 260 |
|
|
|a New York :
|b McGraw-Hill,
|c c1995.
|
| 300 |
|
|
|a xvi, 411 p. :
|b ill. ;
|c 24 cm.
|
| 490 |
|
|
|a McGraw-Hill series in transportation
|
| 504 |
|
|
|a Includes bibliographical references and index.
|
| 541 |
|
|
|e 1773
|
| 650 |
|
0 |
|a Urban transportation policy
|z United States.
|9 9894
|
| 650 |
|
0 |
|a Transportation
|z United States
|x Planning.
|9 9895
|
| 650 |
|
0 |
|a Urban transportation policy
|z United States
|x History.
|9 9896
|
| 942 |
|
|
|2 ddc
|c BK
|
| 999 |
|
|
|c 34107
|d 34107
|
| 952 |
|
|
|0 0
|1 0
|2 ddc
|4 0
|6 388_406800000000000_BLA
|7 0
|9 53224
|a SCL
|b SCL
|c GEN
|d 2015-03-19
|e Gift: The Asia Foundation
|l 0
|o 388.4068 BLA
|p 3020001773
|r 2015-03-19
|t 1
|w 2015-03-19
|y BK
|
| 952 |
|
|
|0 0
|1 0
|2 ddc
|4 0
|6 388_406800000000000_BLA
|7 0
|9 53585
|a SCL
|b SCL
|c GEN
|d 2015-04-28
|e Gift: The Asia Foundation
|l 0
|o 388.4068 BLA
|p 3020001360
|r 2015-04-28
|t 2
|w 2015-04-28
|y BK
|
| 952 |
|
|
|0 0
|1 0
|2 ddc
|4 0
|6 388_406800000000000_BLA
|7 0
|9 53586
|a SCL
|b SCL
|c GEN
|d 2015-04-28
|e Gift: The Asia Foundation
|l 0
|o 388.4068 BLA
|p 3020001361
|r 2015-04-28
|t 3
|w 2015-04-28
|y BK
|